Spravodajca

Bibliographic Details
Previous Title:Spravodajca SCP pre zamestnancov
Format: Journal
Language:Slovak
PhysicalDescription:zv. 30 cm
Published: Ružomberok Severoslovenské celulózky a papierne 2002-[2004]
Ružomberok Neusiedler SCP
Subjects:

MARC

LEADER 00000cas a2200000 a 4500
001 vtls010665788
003 SK-MaSNL
005 20260228161133.0
008 160430d20022004xo mr|p 0 b0slo
040 |a SNK  |b slo  |c SNK  |e AACR2 
041 0 |a slo 
044 |a xo  |c SK 
072 7 |a 676  |x Papierenský priemysel  |2 konspekt 
080 |a 050  |2 2001 
080 |a 676  |2 2001 
080 |a 676.026  |2 2001 
245 0 0 |a Spravodajca  |c Neusiedler SCP Ružomberok 
260 |a Ružomberok  |b Severoslovenské celulózky a papierne  |c 2002-[2004] 
260 3 |3 2/2003-[2004]  |a Ružomberok  |b Neusiedler SCP 
300 |a zv.  |c 30 cm 
310 |a 1x mesačne 
362 0 |a Roč. 7, č. 7 (júl 2002)-[2004] 
500 |a Tlač. Ján Šindléry - TESFO, Ružomberok 
500 |a Predchádzajúci titul: Spravodajca SCP pre zamestnancov 
610 2 7 |a Severoslovenské celulózky a papierne (Ružomberok, Slovensko)  |2 SNKKA  |9 32516 
610 2 7 |a Neusiedler SCP (Ružomberok, Slovensko)  |2 SNKKA  |9 122169 
650 0 7 |a priemysel celulózy  |2 SNKPH  |9 63910 
650 0 7 |a papierenský priemysel  |9 268056 
650 0 7 |a výroba papiera  |2 SNKPH  |9 58348 
655 7 |a podnikové periodiká  |2 SNKPH  |9 132333 
780 0 0 |t Spravodajca SCP pre zamestnancov  |w vtls010665784 
910 |a snk 
916 |a 2002-2003 
958 |a OND 
999 |c 4459  |d 6389 
952 |0 0  |1 0  |4 0  |7 0  |8 0  |a SNK  |b SNK  |d 2015-04-13  |f 1  |i snk2015/12235  |l 0  |o snkČSB 5967/7/2002  |p 17A1143466  |r 2026-02-21 21:25:30  |t č. 7-12  |w 2026-02-21  |y PREZ 
952 |0 0  |1 0  |4 0  |7 0  |8 0  |a SNK  |b SNK  |d 2015-04-13  |i snk2015/12236  |l 0  |o snkČSB 5967/7/2002 D1  |p 17A1143465  |r 2026-02-21 21:25:30  |t č. 7-12  |w 2026-02-21  |y PREZ 
952 |0 0  |1 0  |4 0  |7 0  |8 0  |a SNK  |b SNK  |d 2015-04-13  |f 1  |i snk2015/12237  |l 0  |o snkČSB 5967/8/2003  |p 17A1143464  |r 2026-02-21 21:25:30  |t č. 1-2  |w 2026-02-21  |y PREZ 
952 |0 0  |1 0  |4 0  |7 0  |8 0  |a SNK  |b SNK  |d 2015-04-13  |i snk2015/12238  |l 0  |o snkČSB 5967/8/2003 D1  |p 17A1143463  |r 2026-02-21 21:25:30  |t č. 1-2  |w 2026-02-21  |y PREZ